Búsqueda de ayuda en foros electrónicos : frecuencia y contenido de las preguntas formuladas por estudiantes de grado y posgrado (Record no. 148825)

MARC details
000 -CABECERA
campo de control de longitud fija 00721nab a2200205 a 4500
005 - FECHA Y HORA DE LA ÚLTIMA TRANSACCIÓN
campo de control 20210223131320.0
008 - ELEMENTOS DE LONGITUD FIJA--INFORMACIÓN GENERAL
campo de control de longitud fija 991125s1985 mx 000 0 spa u
035 ## - NÚMERO DE CONTROL DEL SISTEMA
Número de control de sistema UPN01000176722
100 1# - ASIENTO PRINCIPAL--NOMBRE PERSONAL
Nombre de persona Chiecher Costa, Analía Claudia
222 #0 - TÍTULO CLAVE
Título clave REVISTA IBEROAMERICANA DE EDUCACION A DISTANCIA
245 00 - MENCIÓN DE TÍTULO
Título Búsqueda de ayuda en foros electrónicos : frecuencia y contenido de las preguntas formuladas por estudiantes de grado y posgrado
260 ## - PUBLICACIÓN, DISTRIBUCIÓN, ETC.
Lugar de publicación, distribución, etc. Loja, Ecuador
300 ## - DESCRIPCIÓN FÍSICA
Extensión 139-161
362 0# - FECHAS DE PUBLICACIÓN Y/O DESIGNACIÓN SECUENCIAL
Fecha de publicación y/o designación secuencial 2009 Vol. 12, no. 2, dic.
653 0# - TERMINO DE INDIZACION - NO CONTROLADO
Término no controlado AMBIENTE VIRTUAL
653 0# - TERMINO DE INDIZACION - NO CONTROLADO
Término no controlado BUSQUEDA DE AYUDA
700 1# - ASIENTO SECUNDARIO--NOMBRE DE PERSONAL
Nombre de persona Donolo, Danilo Silvio,
Término indicativo de función/relación coaut.
700 1# - ASIENTO SECUNDARIO--NOMBRE DE PERSONAL
Nombre de persona Rinaudo, María Cristina,
Término indicativo de función/relación coaut.
9 (RLIN) 32126
905 ## - TIPO DE MATERIAL
Tipo de material Articulo

No items available.